<?xml version="1.0" encoding="UTF-8"?>
<record
    xmlns:xsi="http://www.w3.org/2001/XMLSchema-instance"
    xsi:schemaLocation="http://www.loc.gov/MARC21/slim http://www.loc.gov/standards/marcxml/schema/MARC21slim.xsd"
    xmlns="http://www.loc.gov/MARC21/slim">

  <leader>01261namaa22002891i 4500</leader>
  <controlfield tag="003">EG-GICUC</controlfield>
  <controlfield tag="005">20260429161516.0</controlfield>
  <controlfield tag="008">260429s1995    le ||||jr|||| 00| 0 ara d</controlfield>
  <datafield tag="040" ind1=" " ind2=" ">
    <subfield code="a">EG-GiCUC</subfield>
    <subfield code="b">ara</subfield>
    <subfield code="c">EG-GiCUC</subfield>
    <subfield code="d">EG-GiCUC</subfield>
    <subfield code="e">rda</subfield>
  </datafield>
  <datafield tag="082" ind1="0" ind2="4">
    <subfield code="2">21</subfield>
    <subfield code="a">920.00923927 </subfield>
    <subfield code="b">Z81 </subfield>
  </datafield>
  <datafield tag="092" ind1="0" ind2="4">
    <subfield code="2">21</subfield>
    <subfield code="a">920.00923927 </subfield>
    <subfield code="b">Z81 </subfield>
  </datafield>
  <datafield tag="099" ind1=" " ind2=" ">
    <subfield code="a">920.00923927 Z81 1995</subfield>
  </datafield>
  <datafield tag="100" ind1="1" ind2=" ">
    <subfield code="a">&#x200F;&#x632;&#x631;&#x643;&#x644;&#x64A;&#x60C; &#x62E;&#x64A;&#x631; &#x627;&#x644;&#x62F;&#x64A;&#x646;</subfield>
    <subfield code="d">1893-1976</subfield>
    <subfield code="e">&#x645;&#x624;&#x644;&#x641;.</subfield>
  </datafield>
  <datafield tag="245" ind1="1" ind2="2">
    <subfield code="a">&#x627;&#x644;&#x623;&#x639;&#x644;&#x627;&#x645; : </subfield>
    <subfield code="b">&#x642;&#x627;&#x645;&#x648;&#x633; &#x62A;&#x631;&#x627;&#x62C;&#x645; &#x644;&#x623;&#x634;&#x647;&#x631; &#x627;&#x644;&#x631;&#x62C;&#x627;&#x644; &#x648;&#x627;&#x644;&#x646;&#x633;&#x627;&#x621; &#x645;&#x646; &#x627;&#x644;&#x639;&#x631;&#x628; &#x648;&#x627;&#x644;&#x645;&#x633;&#x62A;&#x639;&#x631;&#x628;&#x64A;&#x646; &#x648;&#x627;&#x644;&#x645;&#x633;&#x62A;&#x634;&#x631;&#x642;&#x64A;&#x646; / </subfield>
    <subfield code="c">&#x62A;&#x623;&#x644;&#x64A;&#x641; &#x62E;&#x64A;&#x631; &#x627;&#x644;&#x62F;&#x64A;&#x646; &#x627;&#x644;&#x632;&#x631;&#x643;&#x644;&#x649;</subfield>
  </datafield>
  <datafield tag="250" ind1=" " ind2=" ">
    <subfield code="a">&#x627;&#x644;&#x637;&#x628;&#x639;&#x629; &#x627;&#x644;&#x62D;&#x627;&#x62F;&#x64A;&#x629; &#x639;&#x634;&#x631;</subfield>
  </datafield>
  <datafield tag="264" ind1=" " ind2=" ">
    <subfield code="a">&#x628;&#x64A;&#x631;&#x648;&#x62A; (&#x644;&#x628;&#x646;&#x627;&#x646;) :</subfield>
    <subfield code="b">&#x62F;&#x627;&#x631; &#x627;&#x644;&#x639;&#x644;&#x645; &#x644;&#x644;&#x645;&#x644;&#x627;&#x64A;&#x64A;&#x646;&#x60C; </subfield>
    <subfield code="c">1995</subfield>
  </datafield>
  <datafield tag="300" ind1=" " ind2=" ">
    <subfield code="a">8 &#x645;&#x62C;&#x644;&#x62F;&#x627;&#x62A; :</subfield>
    <subfield code="b">&#x627;&#x64A;&#x636;&#x627;&#x62D;&#x64A;&#x627;&#x62A;&#x60C; &#x635;&#x648;&#x631; &#x61B;</subfield>
    <subfield code="c">28 &#x633;&#x645;</subfield>
  </datafield>
  <datafield tag="336" ind1=" " ind2=" ">
    <subfield code="2">rdacontent</subfield>
    <subfield code="a">text</subfield>
  </datafield>
  <datafield tag="337" ind1=" " ind2=" ">
    <subfield code="2">rdamedia</subfield>
    <subfield code="a">Unmediated</subfield>
  </datafield>
  <datafield tag="338" ind1=" " ind2=" ">
    <subfield code="2">rdacarrier</subfield>
    <subfield code="a">volume</subfield>
  </datafield>
  <datafield tag="504" ind1=" " ind2=" ">
    <subfield code="a">&#x64A;&#x634;&#x62A;&#x645;&#x644; &#x639;&#x644;&#x649; &#x627;&#x631;&#x62C;&#x627;&#x639;&#x627;&#x62A; &#x628;&#x628;&#x644;&#x64A;&#x648;&#x62C;&#x631;&#x627;&#x641;&#x64A;&#x629;</subfield>
  </datafield>
  <datafield tag="541" ind1=" " ind2=" ">
    <subfield code="a">&#x62F;. &#x62C;&#x627;&#x628;&#x631; &#x639;&#x635;&#x641;&#x648;&#x631; &#x61B;</subfield>
    <subfield code="b">&#x627;&#x644;&#x642;&#x627;&#x647;&#x631;&#x629; &#x61B;</subfield>
    <subfield code="c">&#x625;&#x647;&#x62F;&#x627;&#x621; &#x61B;</subfield>
    <subfield code="d">2024.</subfield>
  </datafield>
  <datafield tag="650" ind1="1" ind2="7">
    <subfield code="a">&#x627;&#x644;&#x627;&#x633;&#x62A;&#x634;&#x631;&#x627;&#x642; &#x648;&#x627;&#x644;&#x645;&#x633;&#x62A;&#x634;&#x631;&#x642;&#x648;&#x646;</subfield>
    <subfield code="2">qrmak</subfield>
  </datafield>
  <datafield tag="651" ind1="1" ind2=" ">
    <subfield code="2">qrmak</subfield>
    <subfield code="a">&#x627;&#x644;&#x639;&#x627;&#x644;&#x645; &#x627;&#x644;&#x639;&#x631;&#x628;&#x649;</subfield>
    <subfield code="v">&#x62A;&#x631;&#x627;&#x62C;&#x645;</subfield>
  </datafield>
  <datafield tag="905" ind1=" " ind2=" ">
    <subfield code="a">Huda</subfield>
  </datafield>
  <datafield tag="942" ind1=" " ind2=" ">
    <subfield code="2">ddc</subfield>
    <subfield code="c">REF</subfield>
    <subfield code="e">21</subfield>
    <subfield code="n">0</subfield>
  </datafield>
  <datafield tag="999" ind1=" " ind2=" ">
    <subfield code="c">179812</subfield>
    <subfield code="d">179812</subfield>
  </datafield>
  <datafield tag="952" ind1=" " ind2=" ">
    <subfield code="0">0</subfield>
    <subfield code="1">0</subfield>
    <subfield code="2">ddc</subfield>
    <subfield code="4">0</subfield>
    <subfield code="7">1</subfield>
    <subfield code="a">CUCL</subfield>
    <subfield code="b">cl410</subfield>
    <subfield code="d">2026-04-29</subfield>
    <subfield code="i">175385</subfield>
    <subfield code="l">0</subfield>
    <subfield code="o">920.00923927 Z81 1995 v.1 Ref. J.U.</subfield>
    <subfield code="p">01000100175385001</subfield>
    <subfield code="r">2026-04-29 11:50:00</subfield>
    <subfield code="w">2026-04-29</subfield>
    <subfield code="y">REF</subfield>
  </datafield>
  <datafield tag="952" ind1=" " ind2=" ">
    <subfield code="0">0</subfield>
    <subfield code="1">0</subfield>
    <subfield code="2">ddc</subfield>
    <subfield code="4">0</subfield>
    <subfield code="7">1</subfield>
    <subfield code="a">CUCL</subfield>
    <subfield code="b">cl410</subfield>
    <subfield code="d">2026-04-29</subfield>
    <subfield code="i">175385</subfield>
    <subfield code="l">0</subfield>
    <subfield code="o">920.00923927 Z81 1995 v.2 Ref. J.U.</subfield>
    <subfield code="p">01000100175385002</subfield>
    <subfield code="r">2026-04-29 11:58:00</subfield>
    <subfield code="w">2026-04-29</subfield>
    <subfield code="y">REF</subfield>
  </datafield>
  <datafield tag="952" ind1=" " ind2=" ">
    <subfield code="0">0</subfield>
    <subfield code="1">0</subfield>
    <subfield code="2">ddc</subfield>
    <subfield code="4">0</subfield>
    <subfield code="7">1</subfield>
    <subfield code="a">CUCL</subfield>
    <subfield code="b">cl410</subfield>
    <subfield code="d">2026-04-29</subfield>
    <subfield code="i">175385</subfield>
    <subfield code="l">0</subfield>
    <subfield code="o">920.00923927 Z81 1995 v.3 Ref. J.U.</subfield>
    <subfield code="p">01000100175385003</subfield>
    <subfield code="r">2026-04-29 11:59:00</subfield>
    <subfield code="w">2026-04-29</subfield>
    <subfield code="y">REF</subfield>
  </datafield>
  <datafield tag="952" ind1=" " ind2=" ">
    <subfield code="0">0</subfield>
    <subfield code="1">0</subfield>
    <subfield code="2">ddc</subfield>
    <subfield code="4">0</subfield>
    <subfield code="7">1</subfield>
    <subfield code="a">CUCL</subfield>
    <subfield code="b">cl410</subfield>
    <subfield code="d">2026-04-29</subfield>
    <subfield code="i">175385</subfield>
    <subfield code="l">0</subfield>
    <subfield code="o">920.00923927 Z81 1995 v.4 Ref. J.U.</subfield>
    <subfield code="p">01000100175385004</subfield>
    <subfield code="r">2026-04-29 11:59:00</subfield>
    <subfield code="w">2026-04-29</subfield>
    <subfield code="y">REF</subfield>
  </datafield>
  <datafield tag="952" ind1=" " ind2=" ">
    <subfield code="0">0</subfield>
    <subfield code="1">0</subfield>
    <subfield code="2">ddc</subfield>
    <subfield code="4">0</subfield>
    <subfield code="7">1</subfield>
    <subfield code="a">CUCL</subfield>
    <subfield code="b">cl410</subfield>
    <subfield code="d">2026-04-29</subfield>
    <subfield code="i">175385</subfield>
    <subfield code="l">0</subfield>
    <subfield code="o">920.00923927 Z81 1995 v.5 Ref. J.U.</subfield>
    <subfield code="p">01000100175385005</subfield>
    <subfield code="r">2026-04-29 11:59:00</subfield>
    <subfield code="w">2026-04-29</subfield>
    <subfield code="y">REF</subfield>
  </datafield>
  <datafield tag="952" ind1=" " ind2=" ">
    <subfield code="0">0</subfield>
    <subfield code="1">0</subfield>
    <subfield code="2">ddc</subfield>
    <subfield code="4">0</subfield>
    <subfield code="7">1</subfield>
    <subfield code="a">CUCL</subfield>
    <subfield code="b">cl410</subfield>
    <subfield code="d">2026-04-29</subfield>
    <subfield code="i">175385</subfield>
    <subfield code="l">0</subfield>
    <subfield code="o">920.00923927 Z81 1995 v.6 Ref. J.U.</subfield>
    <subfield code="p">01000100175385006</subfield>
    <subfield code="r">2026-04-29 12:00:00</subfield>
    <subfield code="w">2026-04-29</subfield>
    <subfield code="y">REF</subfield>
  </datafield>
  <datafield tag="952" ind1=" " ind2=" ">
    <subfield code="0">0</subfield>
    <subfield code="1">0</subfield>
    <subfield code="2">ddc</subfield>
    <subfield code="4">0</subfield>
    <subfield code="7">1</subfield>
    <subfield code="a">CUCL</subfield>
    <subfield code="b">cl410</subfield>
    <subfield code="d">2026-04-29</subfield>
    <subfield code="i">175385</subfield>
    <subfield code="l">0</subfield>
    <subfield code="o">920.00923927 Z81 1995 v.7 Ref. J.U.</subfield>
    <subfield code="p">01000100175385007</subfield>
    <subfield code="r">2026-04-29 12:01:00</subfield>
    <subfield code="w">2026-04-29</subfield>
    <subfield code="y">REF</subfield>
  </datafield>
  <datafield tag="952" ind1=" " ind2=" ">
    <subfield code="0">0</subfield>
    <subfield code="1">0</subfield>
    <subfield code="2">ddc</subfield>
    <subfield code="4">0</subfield>
    <subfield code="7">1</subfield>
    <subfield code="a">CUCL</subfield>
    <subfield code="b">cl410</subfield>
    <subfield code="d">2026-04-29</subfield>
    <subfield code="i">175385</subfield>
    <subfield code="l">0</subfield>
    <subfield code="o">920.00923927 Z81 1995 v.8 Ref. J.U.</subfield>
    <subfield code="p">01000100175385008</subfield>
    <subfield code="r">2026-04-29 12:02:00</subfield>
    <subfield code="w">2026-04-29</subfield>
    <subfield code="y">REF</subfield>
  </datafield>
</record>
